000 00422nam a2200169 a 4500
001 0000-8606
003 ELIB.Books
008 110520 1968
035 _a(ELIB.Books)0000-8752
082 _a280.042
_bHil
100 _aHillman, Eugene
245 _aThe Wider Euimenism
260 _bGreat Bratain: Herder & Herder
_c1968
650 _aReligion
942 _2ddc
_cBK
998 _cbat
_e2011-05-20
999 _c8606
_d8606